[Event "ESP-ch FEDC 27th"]
[Site "Almunecar"]
[Date "2018.12.01"]
[Round "6"]
[White "Martinez Torres, Jose Manuel"]
[Black "Garcia Andrinal, Antonio"]
[Result "0-1"]
[WhiteElo "1433"]
[BlackElo "1657"]
[PlyCount "80"]
[EventDate "2018.11.26"]
[EventType "swiss"]
[EventRounds "8"]
[EventCountry "ESP"]
[SourceTitle "EXT 2024"]
[Source "ChessBase"]
[SourceDate "2023.10.10"]
[SourceVersion "1"]
[SourceVersionDate "2023.10.10"]
[SourceQuality "1"]

1. d4 d5 2. c4 e5 3. e3 exd4 4. exd4 Nc6 5. Nf3 Nf6 6. Nc3 Be7 7. cxd5 Nxd5 8. Bd3 Nxc3 9. bxc3 Bf6 10. 0-0 0-0 11. Ba3 Re8 12. Qc2 g6 13. Rad1 Bg4 14. Be4 Qc8 15. Rde1 Na5 16. Nd2 Rb8 17. f3 Bd7 18. Bd3 b6 19. Ne4 Bg7 20. Re2 Qd8 21. Rfe1 Be6 22. f4 Nc4 23. Bc1 Na5 24. Ng5 Bd7 25. a4 Rxe2 26. Rxe2 Qf6 27. Ne4 Qd8 28. Qa2 Be6 29. Qc2 Bb3 30. Qd2 Bxa4 31. Ba3 Bd7 32. Qe1 Bf6 33. Nxf6+ Qxf6 34. Be7 Qc6 35. Be4 Qe6 36. Bb1 Qc6 37. f5 Nc4 38. fxg6 fxg6 39. Rf2 Re8 40. Rf6 Qxf6 0-1

[Event "Benidorm op 18th"]
[Site "Benidorm"]
[Date "2017.06.16"]
[Round "6"]
[White "Septien Lopez, Valeriano"]
[Black "Garcia Andrinal, Antonio"]
[Result "1-0"]
[WhiteElo "1841"]
[BlackElo "1751"]
[PlyCount "87"]
[EventDate "2017.06.11"]
[EventType "swiss"]
[EventRounds "7"]
[EventCountry "ESP"]
[SourceTitle "EXT 2018"]
[Source "ChessBase"]
[SourceDate "2017.10.13"]
[SourceVersion "1"]
[SourceVersionDate "2017.10.13"]
[SourceQuality "1"]

1. e4 c5 2. Ne2 d6 3. g3 Nc6 4. Bg2 g6 5. c3 Bg7 6. 0-0 Bd7 7. d4 cxd4 8. cxd4 Qb6 9. d5 Nb8 10. Nbc3 Nf6 11. Be3 Qd8 12. h3 0-0 13. Qd2 Bc8 14. Bh6 Nbd7 15. Bxg7 Kxg7 16. f4 Qb6+ 17. Kh2 h5 18. Nd4 Rh8 19. Rae1 Nf8 20. e5 N6h7 21. exd6 Qxd6 22. Ncb5 Qd8 23. Qe3 Nd7 24. Qxe7 Ndf6 25. Nc7 Qxe7 26. Rxe7 Kf8 27. Rfe1 Rb8 28. d6 Bd7 29. Nd5 Kg7 30. Nxf6 Nxf6 31. Ne6+ Kg8 32. Ng5 Rc8 33. Rxf7 Rc2 34. Rxf6 Bc6 35. Rxg6+ Kf8 36. Rg1 Ke8 37. Kh1 Kd7 38. Rg7+ Kc8 39. Rc7+ Kb8 40. Bxc6 bxc6 41. Rd1 Rxb2 42. Re7 Ka8 43. d7 Rhb8 44. d8Q 1-0

[Event "Benidorm op 18th"]
[Site "Benidorm"]
[Date "2017.06.12"]
[Round "2"]
[White "Rincon Martin, Santiago"]
[Black "Garcia Andrinal, Antonio"]
[Result "0-1"]
[WhiteElo "1615"]
[BlackElo "1751"]
[PlyCount "68"]
[EventDate "2017.06.11"]
[EventType "swiss"]
[EventRounds "7"]
[EventCountry "ESP"]
[SourceTitle "EXT 2018"]
[Source "ChessBase"]
[SourceDate "2017.10.13"]
[SourceVersion "1"]
[SourceVersionDate "2017.10.13"]
[SourceQuality "1"]

1. d4 d5 2. Nf3 g6 3. c4 c6 4. Nc3 Nf6 5. e3 Bg7 6. Bd3 0-0 7. Qc2 Nbd7 8. 0-0 dxc4 9. Bxc4 b5 10. Bd3 Bb7 11. Bd2 a6 12. a3 Re8 13. b4 e5 14. Ne4 exd4 15. Nxd4 Ne5 16. Nc5 Bc8 17. Bc3 Neg4 18. Nf3 Nd5 19. Bxg7 Kxg7 20. e4 Nf4 21. h3 Nh6 22. Qc3+ Kg8 23. Rad1 Qc7 24. Qf6 Be6 25. Rd2 Nxd3 26. Nxd3 Qe7 27. Qxe7 Rxe7 28. Nc5 a5 29. Nd4 Bc4 30. Rfd1 axb4 31. Nxc6 Rc7 32. Rd8+ Rxd8 33. Rxd8+ Kg7 34. Rd6 bxa3 0-1

[Event "Benidorm FEDC op 16th"]
[Site "Benidorm"]
[Date "2016.06.18"]
[Round "7.7"]
[White "Garcia Cervigon, Juan Pablo"]
[Black "Garcia Andrinal, Antonio"]
[Result "1/2-1/2"]
[WhiteElo "1705"]
[BlackElo "1682"]
[PlyCount "57"]
[EventDate "2016.06.12"]
[EventType "swiss"]
[EventRounds "7"]
[EventCountry "ESP"]
[SourceTitle "EXT 2024"]
[Source "ChessBase"]
[SourceDate "2023.10.10"]
[SourceVersion "1"]
[SourceVersionDate "2023.10.10"]
[SourceQuality "1"]

1. Nf3 d5 2. d4 g6 3. c3 Bg7 4. Bf4 Nf6 5. h3 Nbd7 6. e3 c6 7. Bd3 0-0 8. 0-0 Ne4 9. Nbd2 Nd6 10. Rc1 Nf6 11. Ne1 Nd7 12. Bb1 f6 13. Nef3 Nf7 14. Bg3 e5 15. Kh1 e4 16. Ng1 f5 17. c4 Nf6 18. Ne2 Nh5 19. Bh2 Bh6 20. Nf4 Nxf4 21. Bxf4 Qf6 22. Bxh6 Nxh6 23. f4 Be6 24. c5 Bf7 25. Qe1 Rad8 26. Bc2 Kh8 27. Rf2 Rg8 28. Bd1 Rg7 29. Nf1 1/2-1/2

[Event "Linares FEDC-ch 24th"]
[Site "Linares"]
[Date "2014.11.20"]
[Round "5"]
[White "Arranz Fraile, Javier"]
[Black "Garcia Andrinal, Antonio"]
[Result "0-1"]
[WhiteElo "1594"]
[BlackElo "1726"]
[PlyCount "62"]
[EventDate "2014.11.16"]
[EventType "swiss"]
[EventRounds "8"]
[EventCountry "ESP"]
[SourceTitle "CBM 163 Extra"]
[Source "ChessBase"]
[SourceDate "2014.12.23"]
[SourceVersion "1"]
[SourceVersionDate "2014.12.23"]
[SourceQuality "1"]

1. d4 d5 2. Nc3 Nf6 3. Bg5 Nbd7 4. Qd3 g6 5. Bxf6 Nxf6 6. Nf3 Bg7 7. h3 c6 8. 0-0-0 0-0 9. g4 Qc7 10. Ne5 Nd7 11. Nxd7 Bxd7 12. e3 e6 13. Bg2 b5 14. e4 a5 15. e5 a4 16. Nb1 Rfb8 17. f4 c5 18. dxc5 Qxc5 19. Qd4 Rc8 20. Qxc5 Rxc5 21. Rh2 Rac8 22. Bf1 f6 23. Re1 fxe5 24. fxe5 d4 25. Bd3 b4 26. Nd2 Bxe5 27. Rhe2 Bf4 28. Kb1 Bb5 29. Ne4 Bxd3 30. Nxc5 Bxe2 31. Nxe6 d3 0-1

[Event "Linares FEDC-ch 24th"]
[Site "Linares"]
[Date "2014.11.18"]
[Round "3"]
[White "Ardila Pacheco, Julian"]
[Black "Garcia Andrinal, Antonio"]
[Result "0-1"]
[WhiteElo "1215"]
[BlackElo "1726"]
[PlyCount "76"]
[EventDate "2014.11.16"]
[EventType "swiss"]
[EventRounds "8"]
[EventCountry "ESP"]
[SourceTitle "CBM 163 Extra"]
[Source "ChessBase"]
[SourceDate "2014.12.23"]
[SourceVersion "1"]
[SourceVersionDate "2014.12.23"]
[SourceQuality "1"]

1. e4 c5 2. Nf3 d6 3. d3 Nf6 4. Be2 Nc6 5. c3 g6 6. 0-0 Bg7 7. Qb3 0-0 8. Qd1 Qc7 9. Bf4 Nh5 10. b3 Nxf4 11. a3 Be6 12. Nfd2 Ne5 13. Nf3 Bxb3 14. Qd2 Nxe2+ 15. Qxe2 Be6 16. h3 d5 17. Nbd2 Nxf3+ 18. Qxf3 Bxc3 19. Rad1 dxe4 20. dxe4 Bg7 21. Rfe1 Rfd8 22. Qe2 Bc3 23. Nf3 Bxe1 24. Rxd8+ Rxd8 25. Qxe1 Qf4 26. a4 Bb3 27. Qe3 Rd1+ 28. Ne1 Qxe3 29. fxe3 Rxe1+ 30. Kf2 Ra1 31. Ke2 Rxa4 32. Kd3 c4+ 33. Kc3 b5 34. Kd4 b4 35. Kc5 c3 36. Kb5 c2 37. Kc5 c1Q+ 38. Kd4 Qc3# 0-1